000 00234nam a2200097Ia 4500
008 230907s9999||||xx |||||||||||||| ||und||
082 _a5.7
_bBIG
245 0 _aBig data of complex networks /
300 _axii, 319 pages ;
942 _cBK
999 _c600411
_d600411